Autonomous Regions: Chechnya - Statistics

General Stats
  • This quiz has been taken 205 times
  • The average score is 9 of 13
Answer Stats
Hint Answer % Correct
Country where Chechnya is located Russia
99%
Country other than Russia that Chechnya borders Georgia
95%
Primary religion Islam
95%
Main ethnic group Chechens
86%
Mountain range running through Chechnya Caucasus
82%
Capital and most populous city Groznyy
80%
Invaded this neighboring autonomous region in August of 1999 Dagestan
74%
Military conflict between Chechnya and its mother nation in the 1990s First Chechen War
66%
Current leader Ramzan Kadyrov
58%
Black Sea
54%
Major bodies of water on either side of Chechnya Caspian Sea
53%
Largest mosque in Europe Akhmad Kadyrov Mosque (The Heart of Chechnya)
22%
Mostly-obsolete punishment for sodomy and male homosexuality Caning
5%
No matching quizzes found
Score Distribution
Percent of People with Each Score
Percentile by Number Answered
Your Score History
You have not taken this quiz